| 000 | 00932na a2200325 4500 | ||
|---|---|---|---|
| 999 |
_c9119 _d9119 |
||
| 001 | 21502 | ||
| 003 | MIRAKIL | ||
| 005 | 20211214000606.0 | ||
| 008 | 170205b tu 000 0 | ||
| 020 | _a9786051030449 | ||
| 040 |
_aMilas _btur _cTR-AnCHP |
||
| 041 | _atur | ||
| 082 |
_aCHP 324.2171 _bG95t 2009 |
||
| 090 | _aCHP 324.2171 G95t 2009 | ||
| 100 | _aGüneş, Turan | ||
| 245 |
_aTürk demokrasisinin analizi _cTuran Güneş, derleyen Hurşit Güneş |
||
| 250 | _a2. bs. | ||
| 260 |
_aİstanbul _bAgora kitaplığı _c2009 |
||
| 300 |
_a296 s. _c23 sm. |
||
| 490 |
_aSiyaset-İnceleme _v43 |
||
| 490 |
_aAgora kitaplığı _v249 |
||
| 610 |
_aDP _kTarih |
||
| 610 |
_aCHP _kTek parti _kTarih |
||
| 650 | 0 |
_aParlamenter demokrasi _96048 _xTürkiye |
|
| 650 | 0 |
_aSiyaset ve yönetim _xTürkiye _99 |
|
| 650 | 0 |
_aDemokrasi _9339 _xTürkiye |
|
| 700 |
_aGüneş,Hurşit _eder. |
||
| 942 |
_2ddc _cBKS |
||
| 999 | _d9119 | ||